Software Engineering (Record no. 18580)

MARC details
000 -LEADER
fixed length control field 00481nam a22001697a 4500
008 - FIXED-LENGTH DATA ELEMENTS--GENERAL INFORMATION
fixed length control field 201105b xxu||||| |||| 00| 0 eng d
020 ## - INTERNATIONAL STANDARD BOOK NUMBER
International Standard Book Number 1260548007
050 ## - LIBRARY OF CONGRESS CALL NUMBER
Classification number QA76.6
Item number .P74 2020 c.1
100 ## - MAIN ENTRY--PERSONAL NAME
Personal name Pressman, Rodger S.
245 ## - TITLE STATEMENT
Title Software Engineering
Remainder of title a practitioner's approach
Statement of responsibility, etc. Roger S. Pressman
250 ## - EDITION STATEMENT
Edition statement 9th ed.
260 ## - PUBLICATION, DISTRIBUTION, ETC. (IMPRINT)
Place of publication, distribution, etc. New York
Name of publisher, distributor, etc. McGrawHill
Date of publication, distribution, etc. 2020
300 ## - PHYSICAL DESCRIPTION
Extent xxix, 671p.
650 ## - SUBJECT ADDED ENTRY--TOPICAL TERM
Topical term or geographic name as entry element Software engineering
700 ## - ADDED ENTRY--PERSONAL NAME
Personal name Bruce R. Maxim
942 ## - ADDED ENTRY ELEMENTS (KOHA)
Source of classification or shelving scheme Library of Congress Classification
Koha item type General Collection
Holdings
Withdrawn status Lost status Source of classification or shelving scheme Not for loan Home library Current library Date acquired Cost, normal purchase price Total Checkouts Total Renewals Full call number Barcode Date last seen Date last checked out Price effective from Koha item type
    Library of Congress Classification   Kabarak, Main Campus Kabarak, Main Campus 05/11/2020 4216.00 3 2 QA76.6 .P74 2020 c.1 030347 07/08/2024 09/07/2024 05/11/2020 General Collection
    Library of Congress Classification   Kabarak, Main Campus Kabarak, Main Campus 05/11/2020 4216.00 3   QA76.6 .P74 2020 c.2 030348 21/10/2025 09/10/2025 05/11/2020 General Collection
    Library of Congress Classification   Kabarak, Nakuru City Campus Kabarak, Nakuru City Campus 05/11/2020 4216.00 1   QA76.6 .P74 2020 c.1 030349 26/01/2023 13/01/2023 05/11/2020 General Collection
Designed with assistance from East African Informatics Ltd